The complete professional corporation desk book /

Bibliographic Details
Main Author: Laman, Harry V., 1932-
Other Authors: Thompson, J. Alston, 1947-
Format: Book
Language:English
Published: Englewood Cliffs, N.J. : Prentice Hall, [1982]
Subjects:

MARC

Tag First Indicator Second Indicator Subfields
LEADER 00000pam a2200000 a 4500
001 in00000090574
005 20151008065708.0
008 810903s1982 nju b 00110 eng
010 |a  81015395  
020 |a 0131623052 
035 |a (OCoLC)07795818 
035 |9 AAK6407AM 
039 0 |a 2  |b 3  |c 3  |d 3  |e 3 
040 |a DLC  |c DLC  |d TXA  |d UtOrBLW 
043 |a n-us--- 
049 |a TXAF  |c [802516] 
050 0 0 |a KF2901  |b .L35 1982 
082 0 |a 346.73/064  |a 347.30664  |2 19 
100 1 |a Laman, Harry V.,  |d 1932- 
245 1 4 |a The complete professional corporation desk book /  |c Harry V. Laman, Jr. and J. Alston Thompson, Jr. 
264 1 |a Englewood Cliffs, N.J. :  |b Prentice Hall,  |c [1982] 
264 4 |c ©1982 
300 |a xxv, 754 pages ;  |c 25 cm. 
336 |a text  |b txt  |2 rdacontent 
337 |a unmediated  |b n  |2 rdamedia 
338 |a volume  |b nc  |2 rdacarrier 
504 |a Includes bibliographical references and index. 
650 0 |a Professional corporations  |z United States. 
700 1 |a Thompson, J. Alston,  |d 1947- 
999 |a MARS 
999 f f |s 8d540516-a368-375c-a3f6-7f73dea054cd  |i 5eb166b1-9c29-3baa-a262-c85cd5e0d8dd  |t 0 
952 f f |p ric  |a Texas A&M University  |b Rellis Campus  |c Joint Library Facility  |d Remote Storage  |t 0  |e KF2901 .L35 1982  |h Library of Congress classification  |i unmediated -- volume  |m A14805966062 
998 f f |a KF2901 .L35 1982  |t 0  |l Remote Storage